XG's songs by lyrics (medium) - Statistics

General Stats
  • This quiz has been taken 7 times
  • The average score is 10 of 14
Answer Stats
Hint Answer % Correct
Fix my hair, fix my make-up on the way Woke Up
100%
Boy, just follow my flow, don't matter where we go Left Right
86%
I just put my hands up on my hips New Dance
86%
Don't you let these pretty faces fool you GRL GVNG
71%
If you're askin' me where I wanna be, oh IYKYK
71%
Hey, hi, how you do? Mascara
71%
Imagine a world where we could play different roles Puppet Show
71%
I be the one, huh (Huh), don't need to stunt, huh Shooting Star
71%
Why do you really think that you're the one Something Ain't Right
71%
Sweeter than a chocolate peanut butter cup TGIF
71%
Thrift shop, keep ya change and ya two cents Tippy Toes
71%
Joyful, joyful, joyful, raise your voice Winter Without You
71%
Yeah, you know it's XG Undefeated
43%
Pack of seven Equal one X-GENE
43%
No matching quizzes found
Score Distribution
Percent of People with Each Score
Percentile by Number Answered
Your Score History
You have not taken this quiz